Central Library OPAC University of Rajshahi

A guide to operational research / (Record no. 9927)

MARC details
000 -LEADER
fixed length control field 00658cam a2200241u 4500
001 - CONTROL NUMBER
control field 9927
003 - CONTROL NUMBER IDENTIFIER
rucl marc code BD-RjUL
005 - DATE AND TIME OF LATEST TRANSACTION
control field 20211208234851.0
008 - FIXED-LENGTH DATA ELEMENTS--GENERAL INFORMATION
fixed length control field 140122r19671965enka 000 0 eng
035 ## - SYSTEM CONTROL NUMBER
System control number (BD-RjUL)9973
040 ## - CATALOGING SOURCE
Original cataloging agency DLC
Transcribing agency CarP
Modifying agency BD-RjUL
Language of cataloging eng
041 ## - LANGUAGE CODE
Language code of text/sound track or separate title eng
082 04 - DEWEY DECIMAL CLASSIFICATION NUMBER
Edition number 21
Classification number 658.4034
Author mark and year DUG 1967
100 1# - MAIN ENTRY--PERSONAL NAME
Personal name Duckworth, W. E.
9 (RLIN) 26356
245 12 - TITLE STATEMENT
Title A guide to operational research /
Statement of responsibility, etc. W. E. Duckworth
250 ## - EDITION STATEMENT
Edition statement 2nd ed.
260 ## - PUBLICATION, DISTRIBUTION, ETC. (IMPRINT)
Place of publication, distribution, etc. London :
Name of publisher, distributor, etc. Methuen,
Date of publication, distribution, etc. c1965 [reptint 1967].
300 ## - PHYSICAL DESCRIPTION
Pagination 156 p. :
Illustrations illus. ;
Size 21 cm.
650 #0 - SUBJECT ADDED ENTRY--TOPICAL TERM
Topical term or geographic name as entry element Operations research.
9 (RLIN) 30680
942 ## - ADDED ENTRY ELEMENTS (KOHA)
Source of classification or shelving scheme Dewey Decimal Classification
Koha item type Books
Holdings
Lost status Source of classification or shelving scheme Damaged status Not for loan Collection code Permanent Location Current Location Shelving location Date acquired Source of acquisition Cost, normal purchase price Total Checkouts Full call number Date last seen Copy number Koha item type
  Dewey Decimal Classification     Non-fiction Central Library, University of Rajshahi Central Library, University of Rajshahi   15/08/1989 Zeithlinger 20.00   658.4034 DUG 1967 22/01/2014 C-3 Books
  Dewey Decimal Classification     Non-fiction Central Library, University of Rajshahi Central Library, University of Rajshahi   27/01/1975 Jon. 12.05   658.4034 DUG 1967 31/08/2016 C-4 Books
  Dewey Decimal Classification     Non-fiction Central Library, University of Rajshahi Central Library, University of Rajshahi   27/01/1975 Jon. 12.05   658.4034 DUG 1967 31/08/2016 C-5 Books
  Dewey Decimal Classification     Non-fiction Central Library, University of Rajshahi Central Library, University of Rajshahi   27/01/1975 Jon. 12.05   658.4034 DUG 1967 31/08/2016 C-6 Books
  Dewey Decimal Classification     Non-fiction Central Library, University of Rajshahi Central Library, University of Rajshahi   27/01/1975 Jon. 12.05   658.4034 DUG 1967 31/08/2016 C-7 Books
  Dewey Decimal Classification     Non-fiction Central Library, University of Rajshahi Central Library, University of Rajshahi   15/08/1989 Zeitlinger 20.00   658.4034 DUG 1967 31/08/2016 C-8 Books
  Dewey Decimal Classification     Non-fiction Central Library, University of Rajshahi Central Library, University of Rajshahi   15/08/1989 Zeitlinger 20.00   658.4034 DUG 1967 31/08/2016 C-9 Books
  Dewey Decimal Classification     Non-fiction Central Library, University of Rajshahi Central Library, University of Rajshahi   15/08/1989 Zeitlinger 20.00   658.4034 DUG 1967 31/08/2016 C-10 Books
  Dewey Decimal Classification     Non-fiction Central Library, University of Rajshahi Central Library, University of Rajshahi   15/08/1989 Zeitlinger 20.00   658.4034 DUG 1967 31/08/2016 C-1 Books
  Dewey Decimal Classification     Non-fiction Central Library, University of Rajshahi Central Library, University of Rajshahi   15/08/1989 Zeitlinger 20.00   658.4034 DUG 1967 31/08/2016 C-2 Books